书目信息 |
| 题名: |
河北公路运输史
|
|
| 作者: | 本社编委会编 | |
| 分册: | 第一册 近代公路运输 | |
| 出版信息: | 北京 人民交通出版社 1988 |
|
| 页数: | 236页 | |
| 开本: | 20cm | |
| 丛书名: | 中国公路交通史丛书 | |
| 单 册: | ||
| 中图分类: | F542.9 | |
| 科图分类: | 29.64042 | |
| 主题词: | 公路运输--交通运输史--河北 , 公路运输 , 交通运输史--公路交通--河北 , 交通运输史 | |
| 电子资源: | ||
| ISBN: | 7-114-00003-0 | |
| 000 | 01013nam0 2200337 450 | |
| 000 | 00976nam0 2200325 450 | |
| 000 | 01031oam2 2200325 450 | |
| 001 | 012000014815 | |
| 005 | 20150323082105.25 | |
| 010 | @a7-114-00003-0@b精装@dCNY5.65 | |
| 091 | @a11044·10014 | |
| 100 | @a20000320d1988 em y0chiy0110 ea | |
| 101 | 0 | @achi |
| 102 | @aCN@b110000 | |
| 105 | @ab z 000yy | |
| 106 | @ar | |
| 200 | 1 | @a河北公路运输史@9he bei gong lu yun shu shi@h第一册@i近代公路运输@f本社编委会编 |
| 210 | @a北京@c人民交通出版社@d1988 | |
| 215 | @a236页@c地图@d20cm | |
| 225 | 2 | @a中国公路交通史丛书 |
| 461 | 0 | @12001 @a中国公路交通史丛书 |
| 517 | 1 | @a近代公路运输@9jin dai gong lu yun shu |
| 606 | 0 | @a公路运输@x交通运输史@y河北 |
| 606 | 0 | @a公路运输 |
| 606 | 0 | @a交通运输史@x公路交通@y河北 |
| 606 | 0 | @a交通运输史 |
| 690 | @aF542.9@v4 | |
| 692 | @a29.64042@v2 | |
| 801 | 0 | @aCN@b91MARC@c20130904 |
| 905 | @b0847819@dF542.9@e7:1@f1 | |
| 河北公路运输史.第一册.近代公路运输/本社编委会编.-北京:人民交通出版社,1988 |
| 236页:地图;20cm.-(中国公路交通史丛书) |
| ISBN 7-114-00003-0(精装):CNY5.65 |
| ● |
| 相关链接 |
|
|
|
|
正题名:河北公路运输史
索取号:F542.9/7:1
 
预约/预借
| 序号 | 登录号 | 条形码 | 馆藏地/架位号 | 状态 | 备注 |
| 1 | 0847819 | 208478191 | 地方文献典藏中心/ [索取号:F542.9/7:1] | 在馆 |